[Event "eytcc"]
[Site "?"]
[Date "2017.08.23"]
[Round "7.10"]
[White "Lukiyanchuk, Vladislav"]
[Black "Macovei, Andrei"]
[Result "1-0"]
[BlackElo "2370"]
[WhiteElo "2359"]
[LiveChessVersion "1.4.4"]

1. Nf3 {[%clk 1:30:25]} Nf6 {[%clk 1:30:32]} 2. c4 {[%clk 1:30:46]} e6
{[%clk 1:29:10]} 3. Nc3 {[%clk 1:30:06]} d5 {[%clk 1:28:20]} 4. d4
{[%clk 1:29:48]} Bb4 {[%clk 1:28:34]} 5. cxd5 {[%clk 1:24:23]} exd5
{[%clk 1:28:59]} 6. Bg5 {[%clk 1:18:22]} h6 {[%clk 1:29:24]} 7. Bxf6
{[%clk 1:16:11]} Qxf6 {[%clk 1:29:52]} 8. e3 {[%clk 1:15:54]} O-O
{[%clk 1:26:39]} 9. Bd3 {[%clk 1:14:28]} c6 {[%clk 1:19:24]} 10. Qc2
{[%clk 1:04:47]} Re8 {[%clk 1:02:16]} 11. O-O {[%clk 1:00:50]} Be6
{[%clk 0:56:46]} 12. Ne5 {[%clk 0:51:56]} Nd7 {[%clk 0:41:19]} 13. f4
{[%clk 0:51:23]} Nf8 {[%clk 0:41:39]} 14. Qb3 {[%clk 0:42:45]} Qe7
{[%clk 0:39:22]} 15. f5 {[%clk 0:27:39]} Bc8 {[%clk 0:38:34]} 16. e4
{[%clk 0:22:43]} Bd6 {[%clk 0:38:28]} 17. Nf3 {[%clk 0:18:33]} Bxf5
{[%clk 0:32:23]} 18. Nxd5 {[%clk 0:17:38]} cxd5 {[%clk 0:32:27]} 19. exf5
{[%clk 0:18:07]} Red8 {[%clk 0:30:59]} 20. Rae1 {[%clk 0:16:57]} Qf6
{[%clk 0:30:20]} 21. Qxb7 {[%clk 0:12:49]} Rab8 {[%clk 0:30:37]} 22. Qxa7
{[%clk 0:13:09]} Rxb2 {[%clk 0:31:03]} 23. Rf2 {[%clk 0:09:51]} Bxh2+
{[%clk 0:30:14]} 24. Nxh2 {[%clk 0:04:31]} Rxf2 {[%clk 0:30:38]} 25. Ng4
{[%clk 0:04:20]} Rxg2+ {[%clk 0:29:20]} 26. Kxg2 {[%clk 0:04:48]} Qg5
{[%clk 0:28:42]} 27. Kf3 {[%clk 0:05:07]} Qd2 {[%clk 0:27:10]} 28. Re3
{[%clk 0:05:19]} Nh7 {[%clk 0:26:43]} 29. Qe7 {[%clk 0:03:24]} Ng5+
{[%clk 0:26:29]} 30. Kg3 {[%clk 0:03:15]} Ra8 {[%clk 0:21:20]} 31. f6
{[%clk 0:03:26]} g6 {[%clk 0:19:09]} 32. Bxg6 {[%clk 0:03:19]} 1-0

[Event "eytcc"]
[Site "?"]
[Date "2017.08.23"]
[Round "7.11"]
[White "Schitco, Ivan"]
[Black "Roshka, Yevgeniy"]
[Result "1/2-1/2"]
[BlackElo "2356"]
[WhiteElo "2315"]
[LiveChessVersion "1.4.4"]

1. d4 {[%clk 1:30:57]} e6 {[%clk 1:30:41]} 2. c4 {[%clk 1:31:11]} d5
{[%clk 1:30:55]} 3. Nf3 {[%clk 1:31:23]} Nf6 {[%clk 1:31:18]} 4. g3
{[%clk 1:31:43]} Be7 {[%clk 1:31:43]} 5. Bg2 {[%clk 1:31:57]} O-O
{[%clk 1:32:05]} 6. O-O {[%clk 1:31:54]} Nbd7 {[%clk 1:32:23]} 7. Nbd2
{[%clk 1:31:10]} c6 {[%clk 1:32:48]} 8. Qc2 {[%clk 1:30:57]} b6 {[%clk 1:33:11]}
9. e4 {[%clk 1:30:09]} Bb7 {[%clk 1:33:28]} 10. e5 {[%clk 1:28:59]} Ne8
{[%clk 1:33:52]} 11. cxd5 {[%clk 1:23:53]} cxd5 {[%clk 1:34:04]} 12. Re1
{[%clk 1:20:58]} Ba6 {[%clk 1:32:34]} 13. Nf1 {[%clk 1:19:26]} Rc8
{[%clk 1:28:13]} 14. Qd1 {[%clk 1:18:01]} b5 {[%clk 1:21:53]} 15. Ne3
{[%clk 1:13:01]} b4 {[%clk 1:21:32]} 16. h4 {[%clk 1:09:19]} Nb6 {[%clk 1:20:14]}
17. h5 {[%clk 1:01:41]} h6 {[%clk 1:18:55]} 18. b3 {[%clk 0:54:50]} Nc7
{[%clk 1:09:52]} 19. a4 {[%clk 0:48:57]} bxa3 {[%clk 1:04:52]} 20. Bxa3
{[%clk 0:49:21]} Bb7 {[%clk 0:59:43]} 21. Bf1 {[%clk 0:46:36]} a6
{[%clk 0:58:53]} 22. Qd2 {[%clk 0:36:53]} Bxa3 {[%clk 0:56:59]} 23. Rxa3
{[%clk 0:37:18]} Qe7 {[%clk 0:57:15]} 24. Ra5 {[%clk 0:35:38]} Nd7
{[%clk 0:55:08]} 25. Ng4 {[%clk 0:31:12]} Nb8 {[%clk 0:45:26]} 26. Rc1
{[%clk 0:25:02]} Na8 {[%clk 0:44:41]} 27. Rxc8 {[%clk 0:22:23]} Rxc8
{[%clk 0:44:46]} 28. Bd3 {[%clk 0:22:34]} Qf8 {[%clk 0:41:07]} 29. Bb1
{[%clk 0:20:59]} Nd7 {[%clk 0:39:33]} 30. Qd3 {[%clk 0:20:33]} Qb4
{[%clk 0:39:39]} 31. Ra4 {[%clk 0:14:18]} Qc3 {[%clk 0:40:07]} 32. Kg2
{[%clk 0:11:43]} Qxd3 {[%clk 0:34:51]} 33. Bxd3 {[%clk 0:12:12]} Nab6
{[%clk 0:35:14]} 34. Ra2 {[%clk 0:10:04]} Nb8 {[%clk 0:33:42]} 35. Rc2
{[%clk 0:08:28]} Rxc2 36. Bxc2 {[%clk 0:08:57]} a5 {[%clk 0:34:33]} 37. Bd3
{[%clk 0:07:22]} Ba6 {[%clk 0:34:50]} 1/2-1/2

[Event "eytcc"]
[Site "?"]
[Date "2017.08.23"]
[Round "7.12"]
[White "Yurovskich, Oleksandr"]
[Black "Martinovici, Ilie"]
[Result "1-0"]
[BlackElo "2059"]
[WhiteElo "2231"]
[LiveChessVersion "1.4.4"]

1. d4 {[%clk 1:30:37]} d5 {[%clk 1:31:19]} 2. c4 {[%clk 1:30:57]} c6
{[%clk 1:31:45]} 3. cxd5 {[%clk 1:30:53]} cxd5 {[%clk 1:32:03]} 4. Nc3
{[%clk 1:31:18]} Nf6 {[%clk 1:32:28]} 5. Bf4 {[%clk 1:31:43]} a6 {[%clk 1:32:53]}
6. e3 {[%clk 1:32:08]} Nc6 {[%clk 1:33:20]} 7. Bd3 {[%clk 1:32:31]} Bg4
{[%clk 1:33:13]} 8. Nge2 {[%clk 1:32:56]} e6 {[%clk 1:33:30]} 9. Rc1
{[%clk 1:33:00]} Be7 {[%clk 1:32:39]} 10. O-O {[%clk 1:29:27]} O-O
{[%clk 1:31:54]} 11. Na4 {[%clk 1:28:40]} Qa5 {[%clk 1:27:23]} 12. a3
{[%clk 1:27:20]} Bxe2 {[%clk 1:21:07]} 13. Bxe2 {[%clk 1:27:44]} Nd7
{[%clk 1:12:08]} 14. b4 {[%clk 1:27:28]} Qd8 {[%clk 1:12:34]} 15. Nc5
{[%clk 1:26:31]} Nxc5 {[%clk 1:12:55]} 16. bxc5 {[%clk 1:26:39]} b5
{[%clk 1:10:40]} 17. cxb6 {[%clk 1:23:05]} Qxb6 {[%clk 1:11:05]} 18. Qa4
{[%clk 1:21:14]} Rfc8 {[%clk 1:11:09]} 19. Rc3 {[%clk 1:19:16]} Qa5
{[%clk 0:50:25]} 20. Qc2 {[%clk 1:15:50]} Na7 {[%clk 0:47:46]} 21. Bc7
{[%clk 1:15:14]} Rxc7 {[%clk 0:48:11]} 22. Rxc7 {[%clk 1:15:39]} Qxa3
{[%clk 0:48:12]} 23. Rb1 {[%clk 1:05:51]} Nb5 {[%clk 0:45:58]} 24. Bxb5
{[%clk 1:03:46]} axb5 {[%clk 0:46:24]} 25. Rxb5 {[%clk 1:03:26]} Bd8
{[%clk 0:44:53]} 26. Rc3 {[%clk 1:02:36]} Qa2 {[%clk 0:43:50]} 27. Qxa2
{[%clk 1:00:36]} Rxa2 {[%clk 0:44:14]} 28. g4 {[%clk 0:59:53]} Ra8
{[%clk 0:44:36]} 29. Rcb3 {[%clk 1:00:01]} Kf8 {[%clk 0:43:22]} 30. Rb8
{[%clk 1:00:23]} Rxb8 {[%clk 0:43:52]} 31. Rxb8 {[%clk 1:00:46]} Ke7
{[%clk 0:44:19]} 32. Rb7+ {[%clk 1:01:02]} Kf6 {[%clk 0:44:20]} 33. Kg2
{[%clk 1:01:20]} g5 {[%clk 0:44:26]} 34. Kf3 {[%clk 1:01:37]} Kg6
{[%clk 0:44:31]} 35. Ke2 {[%clk 1:01:55]} Ba5 {[%clk 0:44:55]} 36. h3
{[%clk 1:02:17]} Bc3 {[%clk 0:44:46]} 37. Kd3 {[%clk 1:02:38]} Be1
{[%clk 0:45:02]} 38. f3 {[%clk 1:03:03]} Bg3 {[%clk 0:44:47]} 39. e4
{[%clk 1:02:40]} dxe4+ {[%clk 1:14:50]} 40. fxe4 {[%clk 1:32:59]} f6
{[%clk 1:14:20]} 41. d5 {[%clk 1:33:05]} exd5 {[%clk 1:14:46]} 42. exd5
{[%clk 1:33:30]} h5 {[%clk 1:15:04]} 43. Ke4 {[%clk 1:33:48]} hxg4
{[%clk 1:15:19]} 44. hxg4 {[%clk 1:34:12]} Bd6 {[%clk 1:15:40]} 45. Rb6
{[%clk 1:34:30]} Be5 {[%clk 1:16:04]} 46. Re6 {[%clk 1:34:50]} 1-0

[Event "eytcc"]
[Site "?"]
[Date "2017.08.23"]
[Round "7.13"]
[White "Gorodetzky, David"]
[Black "Livaic, Leon"]
[Result "1/2-1/2"]
[BlackElo "2464"]
[WhiteElo "2409"]
[LiveChessVersion "1.4.4"]

1. d4 {[%clk 1:30:59]} Nf6 {[%clk 1:30:42]} 2. Nf3 {[%clk 1:31:28]} b6
{[%clk 1:30:41]} 3. e3 {[%clk 1:31:56]} Bb7 {[%clk 1:30:57]} 4. Bd3
{[%clk 1:32:25]} e6 {[%clk 1:31:20]} 5. O-O {[%clk 1:32:49]} d5 {[%clk 1:31:41]}
6. c4 {[%clk 1:29:45]} Bd6 {[%clk 1:30:48]} 7. Nc3 {[%clk 1:27:14]} O-O
{[%clk 1:26:48]} 8. Qe2 {[%clk 1:18:38]} c5 {[%clk 1:19:01]} 9. dxc5
{[%clk 0:59:09]} bxc5 {[%clk 1:17:24]} 10. e4 {[%clk 0:57:12]} d4
{[%clk 1:16:44]} 11. Nb5 {[%clk 0:52:40]} e5 {[%clk 1:14:01]} 12. Nh4
{[%clk 0:44:03]} Ne8 {[%clk 1:06:44]} 13. Qg4 {[%clk 0:38:20]} a6
{[%clk 0:57:44]} 14. Nxd6 {[%clk 0:37:58]} Nxd6 {[%clk 0:57:15]} 15. Bh6
{[%clk 0:33:24]} Ne8 {[%clk 0:52:05]} 16. Nf5 {[%clk 0:32:14]} Bc8
{[%clk 0:47:34]} 17. Qg3 {[%clk 0:20:34]} Bxf5 {[%clk 0:46:57]} 18. exf5
{[%clk 0:21:02]} Nd7 {[%clk 0:38:21]} 19. Rae1 {[%clk 0:16:05]} f6
{[%clk 0:30:44]} 20. Re4 {[%clk 0:14:56]} Kh8 {[%clk 0:30:54]} 21. Bd2
{[%clk 0:14:04]} Nd6 {[%clk 0:30:04]} 22. Rh4 {[%clk 0:12:21]} Re8
{[%clk 0:27:16]} 23. Qh3 {[%clk 0:12:09]} Nf8 {[%clk 0:27:23]} 24. Be2
{[%clk 0:11:26]} Re7 {[%clk 0:22:09]} 25. b4 {[%clk 0:08:32]} Qc8
{[%clk 0:20:45]} 26. bxc5 {[%clk 0:07:15]} Qxc5 {[%clk 0:21:08]} 27. Bh5
{[%clk 0:07:04]} Kg8 {[%clk 0:19:27]} 28. Bg6 {[%clk 0:05:51]} hxg6
{[%clk 0:16:33]} 29. Rh8+ {[%clk 0:06:05]} Kf7 {[%clk 0:17:00]} 30. fxg6+
{[%clk 0:06:29]} Nxg6 {[%clk 0:17:21]} 31. Rxa8 {[%clk 0:06:57]} e4
{[%clk 0:14:52]} 32. a3 {[%clk 0:03:23]} e3 {[%clk 0:13:57]} 33. Bb4
{[%clk 0:02:40]} Qc6 {[%clk 0:05:06]} 34. Bxd6 {[%clk 0:02:34]} e2
{[%clk 0:03:49]} 35. Re1 {[%clk 0:01:19]} Qxd6 {[%clk 0:03:32]} 36. c5
{[%clk 0:00:53]} Qd5 {[%clk 0:01:17]} 37. Qc8 {[%clk 0:00:56]} Nf4
{[%clk 0:01:43]} 38. Qg8+ {[%clk 0:01:04]} Kg6 {[%clk 0:02:12]} 39. Qxd5 Nxd5
{[%clk 0:02:42]} 40. Rb8 {[%clk 0:30:34]} Nf4 {[%clk 0:30:41]} 41. Rb2
{[%clk 0:28:51]} d3 {[%clk 0:20:40]} 42. Rd2 {[%clk 0:27:58]} Kf5
{[%clk 0:18:12]} 43. f3 {[%clk 0:17:40]} Ke6 {[%clk 0:11:37]} 44. g3
{[%clk 0:08:58]} Kd5 {[%clk 0:12:03]} 45. gxf4 {[%clk 0:08:16]} Kd4
{[%clk 0:12:30]} 46. Kf2 {[%clk 0:06:38]} Kc3 {[%clk 0:12:56]} 47. Rdxe2
{[%clk 0:05:40]} dxe2 {[%clk 0:13:20]} 48. Rxe2 {[%clk 0:06:03]} Rc7
{[%clk 0:13:36]} 49. Re6 {[%clk 0:05:18]} a5 {[%clk 0:14:03]} 50. c6
{[%clk 0:05:11]} Kd4 {[%clk 0:13:29]} 51. f5 {[%clk 0:03:08]} Kd5
{[%clk 0:13:48]} 52. Ke3 {[%clk 0:01:32]} Rxc6 {[%clk 0:14:13]} 53. Rxc6
{[%clk 0:01:05]} Kxc6 {[%clk 0:14:43]} 54. Kd4 {[%clk 0:01:25]} Kb5
{[%clk 0:15:03]} 55. Kc3 {[%clk 0:01:31]} Ka4 {[%clk 0:14:25]} 56. Kb2
{[%clk 0:02:00]} Kb5 {[%clk 0:14:50]} 57. Kb3 {[%clk 0:02:17]} Kc5
{[%clk 0:15:15]} 58. Ka4 {[%clk 0:02:02]} Kb6 {[%clk 0:14:32]} 59. h3
{[%clk 0:01:35]} Ka6 {[%clk 0:15:00]} 60. Kb3 {[%clk 0:01:02]} Kb5
{[%clk 0:15:26]} 61. Kc3 {[%clk 0:00:55]} Ka4 {[%clk 0:15:39]} 62. Kb2
{[%clk 0:01:18]} Kb5 {[%clk 0:16:06]} 63. Kb3 {[%clk 0:01:27]} Kc5
{[%clk 0:16:32]} 64. Kc3 {[%clk 0:01:07]} Kb5 {[%clk 0:16:42]} 65. h4
{[%clk 0:00:55]} Ka4 {[%clk 0:17:06]} 66. Kb2 {[%clk 0:01:19]} Kb5
{[%clk 0:17:33]} 67. Kb3 {[%clk 0:01:16]} Kc5 {[%clk 0:17:59]} 68. h5
{[%clk 0:00:50]} Kb5 {[%clk 0:18:24]} 69. Kc3 {[%clk 0:00:55]} Ka4
{[%clk 0:18:15]} 70. Kb2 {[%clk 0:01:09]} Kb5 {[%clk 0:18:42]} 71. Kb3
{[%clk 0:01:07]} Kc5 {[%clk 0:19:02]} 72. Kc3 {[%clk 0:00:51]} Kd5
{[%clk 0:15:43]} 73. Kb3 {[%clk 0:01:12]} 1/2-1/2

[Event "eytcc"]
[Site "?"]
[Date "2017.08.23"]
[Round "7.14"]
[White "Plenca, Jadranko"]
[Black "Parkhov, Yair"]
[Result "1/2-1/2"]
[BlackElo "2382"]
[WhiteElo "2446"]
[LiveChessVersion "1.4.4"]

1. e4 {[%clk 1:30:58]} e6 {[%clk 1:30:50]} 2. d4 {[%clk 1:31:06]} d5
{[%clk 1:31:14]} 3. exd5 {[%clk 1:30:57]} exd5 {[%clk 1:31:35]} 4. c4
{[%clk 1:31:23]} Nf6 {[%clk 1:31:33]} 5. Nc3 {[%clk 1:31:48]} Be6
{[%clk 1:31:26]} 6. Nge2 {[%clk 1:26:41]} dxc4 {[%clk 1:26:05]} 7. Nf4
{[%clk 1:26:36]} Qe7 {[%clk 1:26:20]} 8. Be2 {[%clk 1:24:39]} Nc6
{[%clk 1:24:29]} 9. Nxe6 {[%clk 1:19:01]} fxe6 {[%clk 1:24:39]} 10. O-O
{[%clk 1:14:02]} O-O-O {[%clk 1:21:15]} 11. Be3 {[%clk 1:12:15]} Qd7
{[%clk 1:13:51]} 12. Qa4 {[%clk 1:06:52]} Nd5 {[%clk 1:05:52]} 13. Qxc4
{[%clk 1:00:30]} Nb6 {[%clk 0:55:59]} 14. Qb3 {[%clk 0:59:33]} Nxd4
{[%clk 0:53:52]} 15. Bxd4 {[%clk 0:58:29]} Qxd4 {[%clk 0:54:08]} 16. Qxe6+
{[%clk 0:54:52]} Qd7 {[%clk 0:51:56]} 17. Qe4 {[%clk 0:52:29]} Kb8
{[%clk 0:46:03]} 18. Rad1 {[%clk 0:47:54]} Bd6 {[%clk 0:44:17]} 19. Bf3
{[%clk 0:46:32]} c6 {[%clk 0:41:11]} 20. Nb5 {[%clk 0:45:40]} Nd5
{[%clk 0:40:15]} 21. Qd4 {[%clk 0:38:33]} cxb5 {[%clk 0:39:19]} 22. Bxd5
{[%clk 0:38:57]} Qc7 {[%clk 0:35:28]} 23. h3 {[%clk 0:36:47]} Bc5
{[%clk 0:31:51]} 24. Qg4 {[%clk 0:36:11]} Qe5 {[%clk 0:30:05]} 25. Bf3
{[%clk 0:36:30]} h5 {[%clk 0:20:18]} 26. Qe4 {[%clk 0:34:32]} Qxe4
{[%clk 0:20:18]} 27. Bxe4 {[%clk 0:35:01]} h4 {[%clk 0:19:20]} 28. Bf3
{[%clk 0:34:18]} Kc7 {[%clk 0:17:07]} 29. Rc1 {[%clk 0:33:22]} Kb6
{[%clk 0:17:28]} 30. Rc2 {[%clk 0:32:04]} Rd4 {[%clk 0:13:53]} 31. Rfc1
{[%clk 0:30:54]} Bd6 {[%clk 0:13:19]} 32. Re1 {[%clk 0:30:27]} Rf8
{[%clk 0:11:02]} 33. Re6 {[%clk 0:28:46]} Rf6 {[%clk 0:11:14]} 34. Rxf6
{[%clk 0:26:45]} gxf6 {[%clk 0:11:37]} 35. b3 {[%clk 0:26:42]} a5
{[%clk 0:09:15]} 36. Kf1 {[%clk 0:26:28]} a4 {[%clk 0:06:54]} 37. Ke2
{[%clk 0:26:58]} a3 {[%clk 0:06:18]} 38. Rd2 {[%clk 0:26:45]} Rxd2+
{[%clk 0:04:24]} 39. Kxd2 {[%clk 0:27:11]} Kc5 {[%clk 0:04:15]} 40. Bxb7
{[%clk 0:56:31]} Kd4 {[%clk 0:34:31]} 41. Kc2 {[%clk 0:56:11]} b4
{[%clk 0:31:37]} 42. Ba8 {[%clk 0:56:03]} Bh2 {[%clk 0:31:27]} 43. Bf3
{[%clk 0:56:22]} Bg1 {[%clk 0:31:43]} 44. Ba8 {[%clk 0:56:49]} Bxf2
{[%clk 0:31:41]} 45. Bb7 {[%clk 0:57:17]} Be1 {[%clk 0:31:52]} 46. Ba8
{[%clk 0:57:45]} Ke3 {[%clk 0:32:07]} 47. Bb7 {[%clk 0:58:12]} Bc3
{[%clk 0:32:06]} 48. Ba8 {[%clk 0:58:37]} f5 {[%clk 0:32:24]} 49. Bb7
{[%clk 0:58:59]} f4 1/2-1/2

[Event "eytcc"]
[Site "?"]
[Date "2017.08.23"]
[Round "7.15"]
[White "Zlatin, Alexander"]
[Black "Tica, Sven"]
[Result "0-1"]
[BlackElo "2368"]
[WhiteElo "2149"]
[LiveChessVersion "1.4.4"]

1. e4 {[%clk 1:30:46]} g6 {[%clk 1:30:55]} 2. d4 {[%clk 1:30:52]} Bg7
{[%clk 1:31:20]} 3. Nc3 {[%clk 1:30:55]} a6 {[%clk 1:31:45]} 4. Be3
{[%clk 1:27:04]} b5 {[%clk 1:32:07]} 5. Nf3 {[%clk 1:19:37]} Bb7 {[%clk 1:32:29]}
6. d5 {[%clk 1:16:43]} d6 {[%clk 1:29:48]} 7. Bd4 {[%clk 1:14:57]} Nf6
{[%clk 1:29:58]} 8. Qe2 {[%clk 0:55:25]} c5 {[%clk 1:27:04]} 9. Bxf6 Bxf6
{[%clk 1:27:32]} 10. e5 {[%clk 0:47:56]} dxe5 {[%clk 1:24:50]} 11. O-O-O
{[%clk 0:45:53]} Nd7 {[%clk 1:18:46]} 12. h4 {[%clk 0:39:25]} h5 {[%clk 1:08:54]}
13. Ng5 {[%clk 0:35:06]} Qa5 {[%clk 1:00:36]} 14. Kb1 {[%clk 0:32:43]} Bg7
{[%clk 0:51:35]} 15. Nce4 {[%clk 0:29:07]} Rd8 {[%clk 0:47:10]} 16. f4
{[%clk 0:21:24]} Nb6 {[%clk 0:30:50]} 17. Nxc5 {[%clk 0:18:22]} Bxd5
{[%clk 0:30:18]} 18. Nb3 {[%clk 0:18:34]} Qb4 {[%clk 0:29:39]} 19. fxe5
{[%clk 0:18:40]} O-O {[%clk 0:27:23]} 20. e6 {[%clk 0:12:16]} f5 {[%clk 0:20:44]}
21. c3 {[%clk 0:08:32]} Qf4 {[%clk 0:16:51]} 22. Nc5 {[%clk 0:07:20]} Na4
{[%clk 0:15:03]} 23. Nd7 {[%clk 0:05:02]} Qd6 {[%clk 0:06:35]} 24. Nxf8
{[%clk 0:02:35]} Kxf8 {[%clk 0:05:23]} 25. Nf7 {[%clk 0:02:39]} Be4+
{[%clk 0:04:57]} 26. Kc1 {[%clk 0:02:55]} Nxc3 {[%clk 0:02:55]} 27. Rxd6
{[%clk 0:02:25]} Nxe2+ {[%clk 0:03:06]} 28. Bxe2 {[%clk 0:02:54]} Rc8+
{[%clk 0:03:27]} 29. Kd2 {[%clk 0:01:06]} exd6 {[%clk 0:03:48]} 30. Bd3
{[%clk 0:00:59]} Bxd3 {[%clk 0:03:44]} 31. Kxd3 {[%clk 0:01:29]} Ke7
{[%clk 0:03:54]} 32. Ng5 {[%clk 0:01:28]} Bxb2 {[%clk 0:03:48]} 33. Rb1
{[%clk 0:01:29]} Bf6 {[%clk 0:04:05]} 34. Nf3 {[%clk 0:00:52]} Rc3+
{[%clk 0:04:23]} 35. Kd2 {[%clk 0:01:21]} Ra3 {[%clk 0:04:37]} 36. Rc1
{[%clk 0:00:42]} Rxa2+ {[%clk 0:04:52]} 37. Ke3 {[%clk 0:01:11]} Rxg2
{[%clk 0:04:43]} 38. Rc6 {[%clk 0:00:52]} Ra2 {[%clk 0:04:49]} 39. Rb6
{[%clk 0:01:05]} Kxe6 {[%clk 0:04:56]} 40. Kf4 {[%clk 0:31:02]} Ra4+
{[%clk 0:35:00]} 41. Kg3 {[%clk 0:31:26]} f4+ {[%clk 0:33:53]} 42. Kh3
{[%clk 0:31:46]} Ra3 {[%clk 0:32:53]} 43. Kg2 {[%clk 0:32:14]} Be5
{[%clk 0:32:52]} 44. Rb8 {[%clk 0:32:23]} Ra2+ {[%clk 0:31:19]} 45. Kh3
{[%clk 0:32:51]} Rf2 {[%clk 0:31:17]} 46. Nxe5 {[%clk 0:30:27]} Ra2
{[%clk 0:27:38]} 47. Nxg6 {[%clk 0:30:19]} Ra3+ {[%clk 0:27:57]} 48. Kh2
{[%clk 0:30:42]} Kf5 {[%clk 0:28:12]} 49. Ne7+ {[%clk 0:30:58]} Ke4
{[%clk 0:28:11]} 50. Nc6 {[%clk 0:30:39]} Kd5 {[%clk 0:25:38]} 51. Ne7+
{[%clk 0:30:44]} Kc4 {[%clk 0:24:02]} 52. Rc8+ {[%clk 0:30:45]} Kd4
{[%clk 0:22:09]} 53. Nc6+ {[%clk 0:28:20]} Kd5 {[%clk 0:21:39]} 54. Nb4+
{[%clk 0:28:26]} Ke4 {[%clk 0:21:25]} 55. Re8+ {[%clk 0:27:54]} Kf3
{[%clk 0:20:52]} 56. Re6 {[%clk 0:27:45]} a5 {[%clk 0:19:27]} 57. Nc6
{[%clk 0:28:11]} b4 {[%clk 0:16:31]} 58. Rxd6 {[%clk 0:27:40]} b3
{[%clk 0:12:43]} 59. Nxa5 {[%clk 0:25:37]} Rxa5 {[%clk 0:10:07]} 60. Rd3+
{[%clk 0:25:57]} Kg4 {[%clk 0:09:48]} 61. Rxb3 {[%clk 0:26:21]} Ra2+
{[%clk 0:10:10]} 62. Kg1 {[%clk 0:26:22]} Kxh4 {[%clk 0:10:39]} 63. Kf1
{[%clk 0:15:41]} Kg4 {[%clk 0:09:48]} 64. Kg1 {[%clk 0:10:41]} h4
{[%clk 0:07:59]} 65. Rc3 {[%clk 0:10:15]} Ra1+ {[%clk 0:04:43]} 66. Kh2
{[%clk 0:10:17]} f3 {[%clk 0:04:09]} 67. Rc4+ {[%clk 0:09:34]} Kf5
{[%clk 0:04:35]} 68. Rc8 {[%clk 0:08:18]} Kf4 {[%clk 0:04:34]} 69. Rf8+
{[%clk 0:07:20]} Ke3 {[%clk 0:05:03]} 70. Re8+ {[%clk 0:07:44]} Kf2
{[%clk 0:05:30]} 71. Re4 {[%clk 0:07:41]} Re1 {[%clk 0:05:00]} 72. Ra4
{[%clk 0:06:28]} Kf1 {[%clk 0:04:06]} 73. Rxh4 {[%clk 0:05:51]} f2
{[%clk 0:04:01]} 74. Ra4 {[%clk 0:05:11]} Ke2 {[%clk 0:04:23]} 75. Ra2+
{[%clk 0:05:20]} Ke3 {[%clk 0:04:47]} 76. Ra3+ {[%clk 0:05:44]} Kd4
{[%clk 0:05:04]} 0-1

[Event "eytcc"]
[Site "?"]
[Date "2017.08.23"]
[Round "7.16"]
[White "Tomulic, Teo"]
[Black "Gorodetzky, Matan"]
[Result "1-0"]
[BlackElo "1980"]
[WhiteElo "2319"]
[LiveChessVersion "1.4.4"]

1. e4 {[%clk 1:30:56]} e6 {[%clk 1:30:52]} 2. d4 {[%clk 1:31:21]} d5
{[%clk 1:31:16]} 3. Nc3 {[%clk 1:31:48]} Nf6 {[%clk 1:31:34]} 4. e5
{[%clk 1:32:13]} Nfd7 {[%clk 1:31:48]} 5. f4 {[%clk 1:32:39]} c5 {[%clk 1:32:09]}
6. Nf3 {[%clk 1:33:04]} Nc6 {[%clk 1:32:32]} 7. Be3 {[%clk 1:33:31]} cxd4
{[%clk 1:30:43]} 8. Nxd4 {[%clk 1:33:45]} Bc5 {[%clk 1:31:05]} 9. Qd2
{[%clk 1:30:28]} a6 {[%clk 1:31:00]} 10. O-O-O {[%clk 1:30:36]} O-O
{[%clk 1:30:54]} 11. Kb1 {[%clk 1:27:55]} Bxd4 {[%clk 1:30:19]} 12. Bxd4
{[%clk 1:28:23]} b5 {[%clk 1:30:19]} 13. g4 {[%clk 1:26:34]} b4 {[%clk 1:20:36]}
14. Ne2 {[%clk 1:22:25]} a5 {[%clk 1:08:01]} 15. Rg1 {[%clk 1:14:28]} Ba6
{[%clk 1:00:05]} 16. Bf2 {[%clk 1:14:41]} Qc7 {[%clk 0:47:46]} 17. Rg3
{[%clk 1:12:49]} f6 {[%clk 0:44:55]} 18. exf6 {[%clk 1:10:16]} Nxf6
{[%clk 0:44:50]} 19. Bg2 {[%clk 1:10:34]} Rad8 {[%clk 0:40:58]} 20. Qe3
{[%clk 0:40:25]} Rde8 {[%clk 0:27:38]} 21. Nc1 {[%clk 0:35:15]} Bc4
{[%clk 0:21:10]} 22. h3 {[%clk 0:25:25]} Ne4 {[%clk 0:18:49]} 23. Rf3
{[%clk 0:23:08]} e5 {[%clk 0:15:56]} 24. fxe5 {[%clk 0:21:45]} Nxe5
{[%clk 0:08:56]} 25. Rxf8+ Rxf8 {[%clk 0:09:25]} 26. Bg1 {[%clk 0:21:58]} Ng6
{[%clk 0:03:26]} 27. Bxe4 {[%clk 0:19:06]} dxe4 {[%clk 0:03:54]} 28. Qxe4
{[%clk 0:19:28]} Qf7 {[%clk 0:03:46]} 29. Bb6 {[%clk 0:18:48]} Nf4
{[%clk 0:02:33]} 30. Bxa5 {[%clk 0:17:44]} Nxh3 {[%clk 0:01:25]} 31. Rd4
{[%clk 0:16:26]} Be6 {[%clk 0:00:45]} 32. Bxb4 {[%clk 0:16:37]} Re8
{[%clk 0:00:46]} 33. Qc6 {[%clk 0:14:30]} h6 {[%clk 0:01:15]} 34. Bc3
{[%clk 0:14:04]} Rc8 {[%clk 0:00:58]} 35. Qb6 {[%clk 0:12:23]} Nf2
{[%clk 0:00:39]} 36. a4 {[%clk 0:08:28]} Nxg4 {[%clk 0:01:07]} 37. a5
{[%clk 0:08:52]} Ne3 {[%clk 0:01:00]} 38. Re4 {[%clk 0:08:12]} Nd5
{[%clk 0:00:42]} 39. Qxe6 {[%clk 0:08:34]} Rxc3 {[%clk 0:01:06]} 40. Qxf7+
{[%clk 0:36:47]} Kxf7 {[%clk 0:31:29]} 41. bxc3 {[%clk 0:37:16]} Nxc3+
{[%clk 0:31:46]} 42. Ka1 {[%clk 0:37:41]} Nxe4 {[%clk 0:32:08]} 43. a6
{[%clk 0:38:10]} 1-0

[Event "eytcc"]
[Site "?"]
[Date "2017.08.23"]
[Round "7.17"]
[White "Kantor, Gergely"]
[Black "Vykouk, Jan"]
[Result "1/2-1/2"]
[BlackElo "2431"]
[WhiteElo "2479"]
[LiveChessVersion "1.4.4"]

1. d4 {[%clk 1:30:58]} Nf6 {[%clk 1:30:55]} 2. c4 {[%clk 1:31:24]} e6
{[%clk 1:31:21]} 3. g3 {[%clk 1:30:53]} c5 {[%clk 1:31:05]} 4. Nf3
{[%clk 1:31:15]} cxd4 {[%clk 1:29:10]} 5. Nxd4 {[%clk 1:31:29]} Nc6
{[%clk 1:27:50]} 6. Bg2 {[%clk 1:30:18]} Bc5 {[%clk 1:24:49]} 7. Nb3
{[%clk 1:23:13]} Be7 {[%clk 1:20:18]} 8. Nc3 {[%clk 1:22:06]} d6 {[%clk 1:20:18]}
9. Nd4 {[%clk 1:09:01]} Nxd4 {[%clk 1:15:20]} 10. Qxd4 {[%clk 1:07:57]} a6
{[%clk 1:15:38]} 11. O-O {[%clk 1:04:00]} Qc7 {[%clk 1:16:02]} 12. Rd1
{[%clk 0:44:14]} O-O {[%clk 1:04:09]} 13. Bg5 {[%clk 0:40:22]} h6
{[%clk 1:02:27]} 14. Bxf6 {[%clk 0:34:26]} Bxf6 {[%clk 1:02:50]} 15. Qxd6
{[%clk 0:34:43]} Qxc4 {[%clk 1:03:12]} 16. Rac1 {[%clk 0:20:34]} Bxc3
{[%clk 0:56:49]} 17. Rxc3 {[%clk 0:20:53]} Qxe2 {[%clk 0:56:08]} 18. Rc7
{[%clk 0:17:52]} g6 {[%clk 0:55:28]} 19. Rdc1 {[%clk 0:09:00]} Qxb2
{[%clk 0:47:27]} 20. Be4 {[%clk 0:06:14]} Qf6 {[%clk 0:43:14]} 21. Re7
{[%clk 0:06:03]} Kg7 {[%clk 0:35:43]} 22. Rcc7 {[%clk 0:06:08]} e5
{[%clk 0:33:23]} 23. Qxf6+ {[%clk 0:03:59]} Kxf6 {[%clk 0:32:47]} 24. Bd5
{[%clk 0:04:10]} Be6 {[%clk 0:31:55]} 25. Bxe6 {[%clk 0:04:36]} fxe6
{[%clk 0:32:20]} 26. Rxb7 {[%clk 0:05:03]} Rac8 {[%clk 0:31:09]} 27. Rec7
{[%clk 0:04:48]} Rxc7 {[%clk 0:31:02]} 28. Rxc7 {[%clk 0:05:10]} Rd8
{[%clk 0:31:20]} 29. Rc6 {[%clk 0:03:29]} a5 {[%clk 0:31:44]} 30. Ra6
{[%clk 0:03:38]} Rd5 {[%clk 0:32:08]} 31. Kf1 {[%clk 0:03:00]} e4
{[%clk 0:28:54]} 32. Ke2 {[%clk 0:03:05]} Ke5 {[%clk 0:28:43]} 33. a4
{[%clk 0:03:10]} Rc5 {[%clk 0:27:29]} 34. h4 {[%clk 0:02:47]} Rc2+
{[%clk 0:21:40]} 35. Ke3 {[%clk 0:03:02]} Rc3+ {[%clk 0:21:35]} 36. Ke2
{[%clk 0:03:05]} Rc2+ {[%clk 0:20:33]} 37. Ke3 {[%clk 0:03:21]} Rc3+
{[%clk 0:17:39]} 38. Ke2 {[%clk 0:03:19]} Rc2+ {[%clk 0:15:57]} 1/2-1/2